Comedias; las alegres comadres de windsor-medida por medida-la fierecilla domada /
Guardado en:
| Autor Principal: | |
|---|---|
| Formato: | Libro |
| Publicado: |
Madrid :
Club Internacional del libro,
2000
|
| Materias: | |
| Etiquetas: |
Agregar Etiqueta
Sin Etiquetas, Sea el primero en etiquetar este registro!
|
| LEADER | 00557nam a22001695a 4500 | ||
|---|---|---|---|
| 001 | CEM.cems016910 | ||
| 008 | 130507s2000##################000#0#####d | ||
| 005 | 20230801100343.0 | ||
| 245 | 1 | 0 | |a Comedias; las alegres comadres de windsor-medida por medida-la fierecilla domada / |c William Shakespeare, |
| 260 | |a Madrid : |b Club Internacional del libro, |c 2000 | ||
| 300 | |a 243 p. | ||
| 020 | |a 8482653474 | ||
| 100 | 1 | |a Shakespeare, William | |
| 082 | 0 | 4 | |a 822.3 |
| 653 | |a Teatro ingles | ||
| 653 | |a Teatro | ||
| 859 | |a CEMS |b BIB. CEMS - Agricultura |h 822.3 |i Sh14-1 |p A0355.01 |t Ej.1 | ||
